<?xml version="1.0" encoding="UTF-8"?>
<collection xmlns="http://www.loc.gov/MARC21/slim">
 <record>
  <leader>00781pamaa2200193   4500</leader>
  <controlfield tag="001">0000018023</controlfield>
  <controlfield tag="005">20060627090000.0</controlfield>
  <datafield tag="020" ind1="0" ind2="0">
   <subfield code="a">0333522346 (teacher's book) </subfield>
  </datafield>
  <datafield tag="082" ind1=" " ind2=" ">
   <subfield code="a">371.30281 CAM</subfield>
  </datafield>
  <datafield tag="090" ind1="0" ind2="0">
   <subfield code="a">LB1027.42 </subfield>
   <subfield code="b">CAM 1990</subfield>
  </datafield>
  <datafield tag="245" ind1="0" ind2="0">
   <subfield code="a">CAMPUS English : </subfield>
   <subfield code="b">a problem-solving approach to study skills : </subfield>
   <subfield code="b">a problem-solving approach to study skills : </subfield>
   <subfield code="b">teacher's book  </subfield>
   <subfield code="c">David Forman ... [et al.].</subfield>
  </datafield>
  <datafield tag="250" ind1="0" ind2="0">
   <subfield code="a">Revised edition.</subfield>
  </datafield>
  <datafield tag="260" ind1="0" ind2="0">
   <subfield code="a">London: </subfield>
   <subfield code="b">Macmillan, </subfield>
   <subfield code="c">1991, c1990.</subfield>
  </datafield>
  <datafield tag="300" ind1=" " ind2=" ">
   <subfield code="a">iv, 166p.: </subfield>
   <subfield code="b">25cm.</subfield>
  </datafield>
  <datafield tag="650" ind1="0" ind2="0">
   <subfield code="a">English language -- </subfield>
   <subfield code="x">Study and teaching (Higher) -- </subfield>
   <subfield code="x">Foreign speakers </subfield>
  </datafield>
  <datafield tag="650" ind1="0" ind2="0">
   <subfield code="a">English language -- </subfield>
   <subfield code="x">Textbooks for foreign speakers </subfield>
  </datafield>
  <datafield tag="700" ind1="1" ind2="1">
   <subfield code="a">FORMAN, </subfield>
   <subfield code="h">David </subfield>
  </datafield>
  <datafield tag="710" ind1="1" ind2="1">
   <subfield code="a">Centre for British Teachers </subfield>
  </datafield>
  <datafield tag="740" ind1="0" ind2="0">
   <subfield code="a">Study skills course for university students</subfield>
  </datafield>
 </record>
</collection>
